Príhlas a vyzvanie v poťahu na Spevy Slovenské

Podrobná bibliografia
Médium: Kniha
Jazyk:angličtina
Fyzický popis:[2] s.
Vydavateľské údaje: Turčiansky Sv. Martin [s.n.] 1879

MARC

LEADER 00000nam a2200000 a 4500
001 vtls010194419
003 SK-MaSNL
005 20260224002559.0
008 160627 000 0 eng
040 |a SNK  |b slo  |c SNK  |e AACR2 
041 0 |a eng 
245 1 |a Príhlas a vyzvanie v poťahu na Spevy Slovenské 
260 |a Turčiansky Sv. Martin  |b [s.n.]  |c 1879  |e Turčiansky Sv. Martin  |f Kníhtlačiarsko-účastinársky spolok 
300 |a [2] s. 
999 |c 768255  |d 770185 
952 |a SNK  |b SNK  |y PREZ  |7 0  |p 17A0677731  |o snkSB 297/3  |i snk79/30  |0 0  |1 0  |4 0  |d 2010-12-03  |f 1  |l 0  |r 2025-01-31 00:00:00  |w 2026-02-24